Akalank's MPD-2001 : Delhi master plan, August 1990 : (Record no. 136790)

MARC details
000 -LEADER
fixed length control field 00762nam a22002417a 4500
003 - CONTROL NUMBER IDENTIFIER
control field 0
005 - DATE AND TIME OF LATEST TRANSACTION
control field 20180704141030.0
008 - FIXED-LENGTH DATA ELEMENTS--GENERAL INFORMATION
fixed length control field 0
010 ## - LIBRARY OF CONGRESS CONTROL NUMBER
LC control number B-217109
020 ## - INTERNATIONAL STANDARD BOOK NUMBER
International Standard Book Number 8176392464
Terms of availability 300.00
035 ## - SYSTEM CONTROL NUMBER
System control number B-217109, B-217112
037 ## - SOURCE OF ACQUISITION
Source of stock number/acquisition Cen Lib / Ret
040 ## - CATALOGING SOURCE
Original cataloging agency DPL
Language of cataloging EN
Transcribing agency 0
082 ## - DEWEY DECIMAL CLASSIFICATION NUMBER
Classification number 711.43095416
Item number AKA
245 ## - TITLE STATEMENT
Title Akalank's MPD-2001 : Delhi master plan, August 1990 :
Remainder of title modified and corrected upto 7th September, 2006 /
250 ## - EDITION STATEMENT
Edition statement 6th ed
260 ## - PUBLICATION, DISTRIBUTION, ETC. (IMPRINT)
Place of publication, distribution, etc Delhi
Name of publisher, distributor, etc Akalank Publications
Date of publication, distribution, etc 2006
270 ## - ADDRESS
Address P.O. Box No. 1029, 3622, Mori Gate
City Delhi
Postal code 110006
300 ## - PHYSICAL DESCRIPTION
Extent x, 118, 22 p.
Other physical details 27cm(Hb)
650 ## - SUBJECT ADDED ENTRY--TOPICAL TERM
Topical term or geographic name as entry element City planning -- India -- Delhi.
650 ## - SUBJECT ADDED ENTRY--TOPICAL TERM
Topical term or geographic name as entry element Urban renewal -- India -- Delhi.
942 ## - ADDED ENTRY ELEMENTS (KOHA)
Source of classification or shelving scheme Dewey Decimal Classification
Koha item type English Books
Classification part 711.43095416
Call number suffix AKA
Holdings
Withdrawn status Lost status Damaged status Not for loan Home library Current library Date acquired Source of acquisition Cost, normal purchase price Total Checkouts Full call number Barcode Date last seen Date checked out Copy number Cost, replacement price Price effective from Koha item type Source of classification or shelving scheme Collection code
        Central Library Central Library 09/03/2016 Cen Lib/Ret 300.00 3 711.43095416 AKA B-217109 06/10/2023 21/09/2023 300.00 1.00 09/03/2016 English Books    
      Not For Loan Central Library Central Library 23/01/2020   300.00   711.43095416 AKA B-217110 23/01/2020   1 300.00 23/01/2020 English Books Dewey Decimal Classification Non-fiction
        Patel Nagar Patel Nagar 04/07/2018 BPPD/Pub 300.00   711.43095416 AKA B-217112 04/07/2018     300.00 04/07/2018 English Books Dewey Decimal Classification Non-fiction
        Sarojini Nagar Sarojini Nagar 08/02/2019       711.43095416 AKA B-217113 08/02/2019       08/02/2019 English Books Dewey Decimal Classification Non-fiction

© Delhi Public Library
Hit Counter
free hit counter